Central Library OPAC University of Rajshahi

Numerical methods for engineers and scientists : (Record no. 69935)

MARC details
000 -LEADER
fixed length control field 00879nam a2200253 a 4500
001 - CONTROL NUMBER
control field 69935
003 - CONTROL NUMBER IDENTIFIER
rucl marc code BD-RjUL
005 - DATE AND TIME OF LATEST TRANSACTION
control field 20211209081939.0
008 - FIXED-LENGTH DATA ELEMENTS--GENERAL INFORMATION
fixed length control field 170415r19781975enka bp 001 0 eng
020 ## - INTERNATIONAL STANDARD BOOK NUMBER
International Standard Book Number 0850660971 :
Terms of availability £6.75
035 ## - SYSTEM CONTROL NUMBER
System control number (BD-RjUL)70147
040 ## - CATALOGING SOURCE
Original cataloging agency DLC
Transcribing agency DLC
Modifying agency DLC
Language of cataloging eng
041 ## - LANGUAGE CODE
Language code of text/sound track or separate title eng
082 00 - DEWEY DECIMAL CLASSIFICATION NUMBER
Edition number 23
Classification number 518
Author mark and year BAN 1978
100 1# - MAIN ENTRY--PERSONAL NAME
Personal name Bajpai, A. C.
Fuller form of name (Avinash Chandra)
9 (RLIN) 207132
245 10 - TITLE STATEMENT
Title Numerical methods for engineers and scientists :
Remainder of title a students' course book /
Statement of responsibility, etc. A. C. Bajpai, I. M. Calus, J. A. Fairley.
260 ## - PUBLICATION, DISTRIBUTION, ETC. (IMPRINT)
Place of publication, distribution, etc. London :
Name of publisher, distributor, etc. Taylor and Francis,
Date of publication, distribution, etc. 1975 [reprinted 1978]
300 ## - PHYSICAL DESCRIPTION
Pagination xii, 380 p. :
Illustrations ill. ;
Size 25 cm.
504 ## - BIBLIOGRAPHY, ETC. NOTE
Bibliography, etc Includes Bibliography and index.
650 #0 - SUBJECT ADDED ENTRY--TOPICAL TERM
Topical term or geographic name as entry element Numerical analysis
9 (RLIN) 207133
700 1# - ADDED ENTRY--PERSONAL NAME
Personal name Calus, I. M.
Fuller form of name (Irene M.),
Relator term joint author.
Personal name Fairley, J. Alex.,
Relator term joint author.
942 ## - ADDED ENTRY ELEMENTS (KOHA)
Source of classification or shelving scheme Dewey Decimal Classification
Koha item type Books
Holdings
Lost status Source of classification or shelving scheme Damaged status Not for loan Collection code Permanent Location Current Location Shelving location Date acquired Source of acquisition Cost, normal purchase price Total Checkouts Full call number Date last seen Copy number Koha item type
  Dewey Decimal Classification   Not For Loan Non-fiction Central Library, University of Rajshahi Central Library, University of Rajshahi Reading Room 05/10/1983 Tappam-Tulip 25.25   518 BAN 1978 15/04/2017 C-1 Books